Analytical processes (Record no. 144979)

MARC details
000 -LEADER
campo de control de longitud fija 00531nam a2200169 4500
001 - NÚMERO DE CONTROL
campo de control 144979
003 - IDENTIFICADOR DE NÚMERO DE CONTROL
campo de control ES-MaACL
005 - FECHA Y HORA DE LA ÚLTIMA TRANSACCIÓN
campo de control 20230906201135.0
007 - CAMPO FIJO DE DESCRIPCIÓN FÍSICA--INFORMACIÓN GENERAL
campo de control de longitud fija t|
008 - DATOS DE LONGITUD FIJA--INFORMACIÓN GENERAL
campo de control de longitud fija 070214s1946 xxk r ||||1| eng d
100 1# - ENTRADA PRINCIPAL--NOMBRE DE PERSONA
Nombre de persona Smith, T. B.
9 (RLIN) 106923
245 10 - MENCIÓN DEL TÍTULO
Título Analytical processes
Resto del título : a physico-chemical interpretation /
Mención de responsabilidad, etc. by T. B. Smith.
250 ## - MENCION DE EDICION
Mención de edición [2nd ed., reimp.].
260 ## - PUBLICACIÓN, DISTRIBUCIÓN, ETC.
Lugar de publicación, distribución, etc. London :
Nombre del editor, distribuidor, etc. Edward Arnold,
Fecha de publicación, distribución, etc. 1946 (
Lugar de fabricación/manufactura Frome :
Fabricante Butler & Tanner)
300 ## - DESCRIPCIÓN FÍSICA
Extensión VIII, 470 p. :
Otras características físicas il. ;
Dimensiones 23 cm.
852 ## - LOCALIZACIÓN
Ubicación ES-MaACL
Número de control de estantería C-4260
Sublocalización o colección R.24050
Holdings
Estatus retirado Estado de pérdida Estado de daño No para préstamo Biblioteca de origen Biblioteca actual Ubicación en estantería Fecha de adquisición Fuente de adquisición Total de préstamos Signatura topográfica completa Código de barras Visto por última vez Precio de reemplazo Tipo de ítem Koha
        Biblioteca del Ateneo de Madrid Biblioteca del Ateneo de Madrid Sala Palomar 17/01/2008     C-4260 1151297 23/02/2023 23/02/2023 Libro impreso